Proyecciones de la población del distrito especial de Bogotá 1965 - 1985 / (Registro nro. 4937)

Detalles MARC
000 -LEADER
fixed length control field 00701nam a2200205Ia 4500
003 - CONTROL NUMBER IDENTIFIER
control field OSt
005 - DATE AND TIME OF LATEST TRANSACTION
control field 20200408142653.0
008 - FIXED-LENGTH DATA ELEMENTS--GENERAL INFORMATION
fixed length control field 191128s1969 ck gr 000 0 spa d
040 ## - CATALOGING SOURCE
Original cataloging agency CO-JMCR
Transcribing agency CO-JMCR
041 0# - LANGUAGE CODE
Language code of text/sound track or separate title spa
082 04 - DEWEY DECIMAL CLASSIFICATION NUMBER
Classification number 301.32 /
Item number O48p
100 1# - MAIN ENTRY--PERSONAL NAME
Personal name Olivares Juán,
Relator term autor
9 (RLIN) 2845
245 10 - TITLE STATEMENT
Title Proyecciones de la población del distrito especial de Bogotá 1965 - 1985 /
Statement of responsibility, etc. juán Olivares
260 ## - PUBLICATION, DISTRIBUTION, ETC.
Place of publication, distribution, etc. Bogotá :
Name of publisher, distributor, etc. Universidad de los Andes-CEDE,
Date of publication, distribution, etc. 1969
300 ## - PHYSICAL DESCRIPTION
Extent 90 páginas ;
Dimensions 28 cm.
490 0# - SERIES STATEMENT
Series statement monografía CEDE ;
Volume/sequential designation 30
505 ## - FORMATTED CONTENTS NOTE
Formatted contents note Mortalidad -- Fecundidad -- Migración Proyecciones -- Comentarios finales
650 14 - SUBJECT ADDED ENTRY--TOPICAL TERM
Topical term or geographic name entry element Proyecciones de población
9 (RLIN) 2846
942 ## - ADDED ENTRY ELEMENTS (KOHA)
Source of classification or shelving scheme Dewey Decimal Classification
Koha item type Books
Existencias
Withdrawn status Lost status Source of classification or shelving scheme Materials specified (bound volume or other part) Damaged status Not for loan Home library Current library Shelving location Date acquired Source of acquisition Cost, normal purchase price Total Checkouts Full call number Barcode Date last seen Copy number Price effective from Koha item type
    Dewey Decimal Classification Donación--15/04/2018--     Biblioteca Pública José María del Castillo y Rada Biblioteca Pública José María del Castillo y Rada General Stacks 11/28/2019 Donación 0.00   301.32 / O48p 430001030 05/16/2024 Ej.1 11/28/2019 Books